000
00284nam a2200121Ia 4500
008
190216s9999||||xx |||||||||||||| ||und||
100
_a
Bali.N.P
245
0
_a
Differential Equations
260
_b
Laxmi Publication Ltd
_c
1998
300
_a
491p
650
_a
Mathematics
942
_c
BK
999
_c
31656
_d
31656